00273nam a22001217a 4500003000400000082001700004100002500021245004000046250000800086260003300094300000800127650001600135SGT a616.89, C08S aSADOCK, BENJAMIN J.  aCONCISE TB. OF CLINICAL PSYCHIATRY  a3RD aINDIAbWOLTES KLUWER c2008 a738 aPSYCHIATRY